000 00627nam a2200181Ia 4500
008 100921s9999 xx 000 0 und d
082 _b15597
_a891.462 थ 78
100 _aकानेटकर वसंत शंकर.
245 _aएक रूप अनेक रंग.
260 _bपॉप्युलर प्रकाशन, मुंबई.
_c1978
300 _a85
_b---
365 _b10
520 _aललित-नाटके.
630 _aएक रूप अनेक रंग.
650 _aललित-नाटके.
730 _aएक रूप अनेक रंग.
942 _cBOOK
999 _c764710
_d764707